Bắt đầu chơi cờ vua: Bước vào thế giới huyền ảo

সংরক্ষণ করুন:
গ্রন্থ-পঞ্জীর বিবরন
প্রধান লেখক: Lê Phúc Trần Tú
বিন্যাস: গ্রন্থ
ভাষা:Undetermined
প্রকাশিত: Đồng Nai Nxb. Đồng Nai 1999
বিষয়গুলি:
ট্যাগগুলো: ট্যাগ যুক্ত করুন
কোনো ট্যাগ নেই, প্রথমজন হিসাবে ট্যাগ করুন!
Thư viện lưu trữ: Trung tâm Học liệu Trường Đại học Cần Thơ
LEADER 00520nam a2200169Ia 4500
001 CTU_37064
008 210402s9999 xx 000 0 und d
082 |a 794.1 
082 |b T500 
100 |a Lê Phúc Trần Tú 
245 0 |a Bắt đầu chơi cờ vua: Bước vào thế giới huyền ảo 
245 0 |c Lê Phúc Trần Tú 
260 |a Đồng Nai 
260 |b Nxb. Đồng Nai 
260 |c 1999 
650 |a chess 
980 |a Trung tâm Học liệu Trường Đại học Cần Thơ